Understanding and managing tourism impacts : an integrated approach
Αποθηκεύτηκε σε:
| Κύριος συγγραφέας: | |
|---|---|
| Άλλοι συγγραφείς: | |
| Μορφή: | Βιβλίο |
| Γλώσσα: | English |
| Δημοσίευση: |
London ; New York :
Routledge,
2009
|
| Σειρά: | Routledge/contemporary geographies of leisure, tourism, and mobility
|
| Θέματα: | |
| Ετικέτες: |
Προσθήκη ετικέτας
Δεν υπάρχουν, Καταχωρήστε ετικέτα πρώτοι!
|
MARC
| LEADER | 00000nam a2200000 i 4500 | ||
|---|---|---|---|
| 001 | 1/42787 | ||
| 008 | 130820s2009 eng d | ||
| 020 | |a 978-0-415-77133-7 (pbk.) | ||
| 035 | |l 10116809 | ||
| 040 | |a GR-MY-UA |b gre |e aacr | ||
| 041 | 0 | |a eng | |
| 082 | 0 | |a 338.4791 |2 (22) | |
| 100 | 1 | |a Hall, Colin Michael |d 1961- | |
| 245 | 1 | 0 | |a Understanding and managing tourism impacts : |b an integrated approach / |c C. Michael Hall and Alan A. Lew |
| 260 | |a London ; New York : |b Routledge, |c 2009 | ||
| 300 | |a xx, 365 σ.; |b εικ.; |c 24 εκ. | ||
| 490 | 1 | |a Contemporary geographies of leisure, tourism and mobility | |
| 490 | 1 | |a Routledge/contemporary geographies of leisure, tourism, and | |
| 504 | |a Βιβλιογραφία: σ.329-358 | ||
| 504 | |a Ευρετήριο: σ.359-365 | ||
| 505 | 0 | |a Introduction : conceptualising tourism -- Understanding impacts -- Economic impacts -- Socio-cultural impacts -- Physical impacts -- Integrated approaches to tourism impacts : the role of planning -- The future of tourism. | |
| 650 | 0 | 0 | |a Tourism. |
| 700 | 1 | |a Lew, Alan A. | |
| 830 | 0 | |a Routledge/contemporary geographies of leisure, tourism, and mobility | |
| 852 | |a INST |b CHIOS |e 20130820 |h 338.4791 HAL |p 005200034787 |q 005200034787 |t BK |y 0 | ||
| 852 | |a INST |b LESVOS |e 20140224 |h 338.4791 HAL |p 005100053505 |q 005100053505 |t BK |y 0 | ||
| 901 | |a BIBL1-2014-1 | ||
| 901 | |a BIBL2-2013-2 | ||
| 909 | |a Λ |b 181619 | ||
| 909 | |a Χ |b 181643 | ||
| 922 | |a 1ΕΛΗ |b 201307 |c ΤΜΗΜΑ ΓΕΩΓΡΑΦΙΑΣ |d ΙΩΑΝΝΙΔΟΥ | ||
| 922 | |a 2ΕΛΗ |b 201307 |c ΤΑΚ/ΤΔΕ |d ΔΡΕΣ | ||
| 970 | |a ΣΠΕΝΤΖΑ |b ΕΛΕΝΗ |z 2013/08/20 | ||